| 000 | 00000nam 2200000zi 4500 |
| 001 | 9.921950 |
| 003 | CaOODSP |
| 005 | 20230425145220 |
| 006 | m o d f |
| 007 | cr bn||||||||| |
| 008 | 230425t19821982oncab ob f100 0 fre d |
| 020 | |a0662916816 |q(imprimé) |
| 040 | |aCaOODSP|bfre|erda|cCaOODSP |
| 041 | 0 |afre|beng|bfre |
| 043 | |an-cn---|ar------ |
| 086 | 1 |aEn42-1/3-80-5F-PDF |
| 086 | 1 |aEn43-3/80-5F |
| 111 | 2 |aSymposium sur l'aménagement des services publics dans les régions nordiques |n(2e : |d1979 : |cEdmonton, Alb.) |
| 245 | 12|aL'amenagement des services publics dans les régions nordiques : |bactes du symposium tenu les 19, 20 et 21 mars 1979 à Edmonton. |
| 264 | 1|a[Ottawa] : |bDirection générale de la lutte contre la pollution de l'eau, |c1982. |
| 264 | 4|c©1982 |
| 300 | |a1 ressource en ligne (vii, 371 pages) : |billustrations, cartes. |
| 336 | |atexte|btxt|2rdacontent/fre |
| 337 | |ainformatique|bc|2rdamedia/fre |
| 338 | |aressource en ligne|bcr|2rdacarrier/fre |
| 490 | 1 |aLes rapports du Service de la protection de l'environnement |
| 500 | |aPublié aussi en anglais sous le titre : Proceedings : Second Symposium on Utilities Delivery in Northern Regions : held March 19, 20 and 21, 1979, Edmonton, Alberta. |
| 500 | |a« Parrainage : Environnement Canada, Service de Ia protection de l'environnement, Direction générale de la pollution des eaux, Sous-section de Ia technologie nordique et Université de l'Alberta, Département du génie civil. » |
| 500 | |a« Compilation : Daniel W. Smith (Université de l'Alberta). » |
| 500 | |a« Rapport EPS 3-WP-80-5F. » |
| 500 | |aSur la couverture : Révision économique et technique, rapport EPS 3-WP-80-5F. |
| 500 | |aSur la couverture : Septembre 1982. |
| 500 | |aÉdition numérisée de l'imprimé [par Environnement et changement climatique Canada]. |
| 504 | |aComprend des références bibliographiques. |
| 546 | |aComprend des avant-propos en anglais et en français. |
| 650 | 6|aEau|xApprovisionnement|xTechnique|zCanada (Nord)|vCongrès. |
| 650 | 6|aEau|xApprovisionnement|xTechnique|zArctique|vCongrès. |
| 650 | 6|aÉgouts|zCanada (Nord)|vCongrès. |
| 650 | 6|aÉgouts|zArctique|vCongrès. |
| 650 | 6|aTechnique sanitaire|zCanada (Nord)|vCongrès. |
| 650 | 6|aTechnique sanitaire|zArctique|vCongrès. |
| 650 | 6|aIncendies|xPrévention|zCanada (Nord)|vCongrès. |
| 650 | 6|aIncendies|xPrévention|zArctique|vCongrès. |
| 655 | 7|aActes de congrès|2rvmgf |
| 700 | 1 |aSmith, D. W. |q(Daniel Walter), |d1944- |ecompilateur. |
| 710 | 1 |aCanada. |bService de la protection de l'environnement, |eorganisme de publication. |
| 710 | 1 |aCanada.|bDirection générale de la lutte contre la pollution des eaux, |eorganisme de publication. |
| 830 | #0|aSérie de rapports du Service de la protection de l'environnement.|w(CaOODSP)9.866045 |
| 856 | 40|qPDF|s33.04 Mo|uhttps://publications.gc.ca/collections/collection_2023/eccc/en42/En42-1-3-80-5-fra.pdf |